Деловая игра как форма организации творческого проекта для младших курсов; Уровневая подготовка специалистов: электронное обучение и открытые образовательные ресурсы

Detalles Bibliográficos
Parent link:Уровневая подготовка специалистов: электронное обучение и открытые образовательные ресурсы.— 2014.— [С. 325-327]
Autor Principal: Кривцова Н. И. Надежда Игоревна
Autor Corporativo: Национальный исследовательский Томский политехнический университет (ТПУ) Институт природных ресурсов (ИПР) Кафедра химической технологии топлива и химической кибернетики (ХТТ)
Summary:Заглавие с титульного листа.
To carry out the creative project for junior students at the Department of Fuel Engineering and Chemical Cybernetics proposed a form of business playing games on the example of an industrial process. As part of the business play, each student gets a role (title), which is characterized by their responsibilities. This kind of the creative project determines the participation of each member of the team generates independence and responsibility for it activities.
Idioma:ruso
Publicado: 2014
Series:Образовательные ресурсы технического обучения опыт
Subjects:
Acceso en liña:http://earchive.tpu.ru/handle/11683/25667
http://www.lib.tpu.ru/fulltext/c/2014/C09/134.pdf
Formato: Electrónico Capítulo de libro
KOHA link:https://koha.lib.tpu.ru/cgi-bin/koha/opac-detail.pl?biblionumber=610237

MARC

LEADER 00000naa2a2200000 4500
001 610237
005 20260402094545.0
035 |a (RuTPU)RU\TPU\conf\7833 
035 |a RU\TPU\conf\7831 
090 |a 610237 
100 |a 20150114d2014 k y0rusy50 ca 
101 0 |a rus 
102 |a RU 
135 |a drgn ---uucaa 
181 0 |a i  
182 0 |a b 
200 1 |a Деловая игра как форма организации творческого проекта для младших курсов  |d Business play as a form of creative project for junior courses  |f Н. И. Кривцова 
203 |a Текст  |c электронный 
225 1 |a Образовательные ресурсы технического обучения опыт 
300 |a Заглавие с титульного листа. 
320 |a [Библиогр.: с. 327 (2 назв.)] 
330 |a To carry out the creative project for junior students at the Department of Fuel Engineering and Chemical Cybernetics proposed a form of business playing games on the example of an industrial process. As part of the business play, each student gets a role (title), which is characterized by their responsibilities. This kind of the creative project determines the participation of each member of the team generates independence and responsibility for it activities. 
337 |a Adobe Reader 
463 1 |0 (RuTPU)RU\TPU\conf\7637  |t Уровневая подготовка специалистов: электронное обучение и открытые образовательные ресурсы  |o сборник трудов I Всероссийской научно-методической конференции, 20-21 марта 2014 г., Томск  |f Национальный исследовательский Томский политехнический университет (ТПУ) ; ред. кол. А. И. Чучалин [и др.]  |v [С. 325-327]  |d 2014 
510 1 |a Business play as a form of creative project for junior courses  |z eng 
610 1 |a электронный ресурс 
610 1 |a труды учёных ТПУ 
610 1 |a деловые игры 
610 1 |a творческие проекты 
610 1 |a младшие курсы 
610 1 |a промышленные процессы 
610 1 |a познавательная деятельность 
610 1 |a технологические процессы 
700 1 |a Кривцова  |b Н. И.  |c химик-технолог  |c доцент Томского политехнического университета, кандидат технических наук  |f 1983-  |g Надежда Игоревна  |3 (RuTPU)RU\TPU\pers\30193  |9 14587 
712 0 2 |a Национальный исследовательский Томский политехнический университет (ТПУ)  |b Институт природных ресурсов (ИПР)  |b Кафедра химической технологии топлива и химической кибернетики (ХТТ)  |3 (RuTPU)RU\TPU\col\18665 
801 2 |a RU  |b 63413507  |c 20210408  |g RCR 
856 4 |u http://earchive.tpu.ru/handle/11683/25667 
856 4 |u http://www.lib.tpu.ru/fulltext/c/2014/C09/134.pdf 
942 |c BK